Košatění bohatství : Zákony a principy určující úspěšnost procesu košatění bohatství

Salvato in:
Dettagli Bibliografici
Autore principale: Kopčaj, Andrej (Autore)
Natura: Libro
Lingua:ceco
Pubblicazione: Ostrava : KOPČAJ - SILMA ´90, 1997
Edizione:1. vyd.
Soggetti:
Accesso online:OBSAH
Tags: Aggiungi Tag
Nessun Tag, puoi essere il primo ad aggiungerne!!

MARC

LEADER 00000nam a22000003a 4500
001 stu77321
005 20150617225642.1
008 020924s1997----xr------------------cze-d
020 |a 80-902358-0-8 
040 |a STU  |b slo 
041 0 |a cze 
044 |a xr 
080 |a 65.01  |7 stu_us_auth*stu8370 
080 |a 658 
100 1 |a Kopčaj, Andrej  |4 aut 
245 1 |a Košatění bohatství :  |b Zákony a principy určující úspěšnost procesu košatění bohatství 
250 |a 1. vyd. 
260 |a Ostrava :  |b KOPČAJ - SILMA ´90,  |c 1997 
300 |a 188 s 
650 7 |a Manažment-teórie  |2 stusub 
856 4 |a https://sweb.mtf.stuba.sk/obsahy/kosateni_bohatstvi_97.pdf  |u https://sweb.mtf.stuba.sk/obsahy/kosateni_bohatstvi_97.pdf  |3 OBSAH 
996 |b 284M050562  |c M*10948-3  |l MMKN  |s A  |a 24  |w stu77321_0001 
996 |b 284M050560  |c M*10948-1  |l MMKN  |s A  |a 24  |w stu77321_0002 
996 |b 284M050561  |c M*10948-2  |l MMKN  |s A  |a 24  |w stu77321_0003